000
003240000a22001450004500
001
005887
003
MACL
040
_a
MACL
090
_c
13059
_d
13058
245
_a
Qurrat un Nazir
_b
Naqvi Molvi Zulfiqar Ahmad
260
_a
Matba Sultani Bhopal,
_c
1919
350
_a
2.50
650
_a
Urdu Literature
942
_k
891
_c
Book
999
_c
12986
_d
12986